000 005250000a22001570004500
005 20240319111726.0
008 230817t ||||| |||| 00| 0 eng d
082 _a323.34
_bINT
245 _aInternational seminar on political empowerment of women :
_bpresent perspectives and ways forward : July 2003 highlights from the proceedings
260 _aDhaka:
_bBritish council,
_c2004
300 _a36 p.
650 _aWOMEN AND POLITICS
650 _aWomen and democracy
700 _aRashid, Mohammad Mamunar
_ecomp.
942 _cRP
999 _c673
_d673